League Leaders NFL 2024-2025 season - Statistics

General Stats
  • This quiz has been taken 171 times
  • The average score is 5 of 12
Answer Stats
Position + Stat Player % Correct
RB RUSH YRDS Derrick Henry
81%
WR REC YRDS Ja'Marr Chase
81%
RB RUSH YRDS Saquon Barkley
77%
WR REC YRDS Justin Jefferson
76%
QB PASS YRDS Geno Smith
56%
QB PASS YRDS Baker Mayfield
50%
S INT Kerby Joseph
16%
DE SACKS Trey Hendrickson
7%
S INT Xavier McKinney
7%
LB TCKLES Zaire Franklin
6%
S TCKLS Budda Baker
3%
DT SACKS Dexter Lawrence II
3%
No matching quizzes found
Score Distribution
Percent of People with Each Score
Percentile by Number Answered
Your Score History
You have not taken this quiz